Adivinhe o app/navegador pela imagem - Statistics

Estatísticas Gerais
  • Esse quiz foi jogado 151 vezes
  • A pontuação média é 19 de 21
Estatísticas das Respostas
Imagem Resposta % Correto
Facebook
100%
Google
99%
Instagram
99%
Whatsapp
99%
Youtube
99%
Chrome
98%
Netflix
98%
Tiktok
98%
Twitter
98%
Gmail
96%
Pinterest
95%
Snapchat
95%
Spotify
94%
Yahoo!
94%
Skype
89%
Linkedin
86%
Firefox
85%
Discord
83%
Safari
74%
Reddit
72%
Internet Explorer
63%
Nenhum quiz correspondente encontrado
Distribuição das Pontuações
Porcentagem de Pessoas com Cada Pontuação
Percentil de Números Respondidos
Sua Pontuação Histórica
Você não jogou esse quiz